000 00677nam a2200289Ia 4500
005 20260324130311.0
008 008 260324s9999 xx 000 0 eng d
020 _a9780203961957
037 _aEBOOK
040 _aCRL
040 _beng
040 _cCRL
041 _2eng
041 _aeng
084 _qCRL
100 _aDonald McCallum
_91181252
245 0 _aMaimonides' Guide for the Perplexed
245 0 _bSilence and Salvation
260 _bTaylor and Francis
260 _c2007
365 _a
365 _b240
856 _uhttp://www.taylorfrancis.com/books/9780203961957
942 _cEBOOK
999 _c1777311
_d1777311